00472 2200193 4500001002100000005001500021008004100036020002200077035001900099041000700118082001600125090001600141100002200157245002100179250000600200260004200206300001900248650001100267INLIS00000000001360020241224114604241224||||||||| | ||| |||| || |  a978-979-403-356-2 0010-1224013600 aid0 a411.5 JOS m a411.5 JOS m0 aJos Daniel Parera00aMorfologi Bahasa a1 aJakartabGramedia Pustaka Utamac2010 a215 hlm,;21 cm 0aBahasa